|
|
|
|
| LEADER |
00000nam a2200000 a 4500 |
| 001 |
UCH0072 |
| 003 |
CL-VaPUC |
| 008 |
090108e20070000US |||||||||||||||||eng|d |
| 020 |
|
|
|a 9780824725204
|
| 082 |
0 |
4 |
|a 570.15
|b KON
|2 21
|
| 100 |
0 |
|
|a Konopka, Andrzej K
|e author
|9 534171
|
| 245 |
1 |
0 |
|a Systems biology: principles, methods, and concepts
|
| 300 |
|
|
|a 244 p
|
| 942 |
|
|
|c BK
|
| 945 |
|
|
|d 20090108 00:00:00
|a rbrito
|
| 260 |
|
|
|a Boca Ratón
|b CRC Press
|c 2007
|
| 650 |
|
7 |
|a SISTEMAS BIOLOGICOS
|2 CL-VaPUC
|9 375368
|
| 650 |
|
0 |
|a Biología
|9 262022
|
| 650 |
|
0 |
|a Bioquímica
|9 259492
|
| 650 |
|
7 |
|a TERMOESTATICA
|2 CL-VaPUC
|9 414449
|
| 650 |
|
0 |
|a Termodinámica
|9 259320
|
| 583 |
|
|
|a last modification
|c 20121217 04:07:33
|k Rodrigo Vera
|
| 999 |
|
|
|c 332469
|d 332467
|
| 952 |
|
|
|0 0
|1 0
|4 0
|6 570_150000000000000_KON_2007
|7 0
|8 A
|9 420186
|a BIBING
|b BIBING
|d 2019-11-22
|i 4511603
|o 570.15 KON 2007
|p 4511603
|r 2025-01-20
|w 2019-11-22
|y BK
|k EIB
|